| 000 | 00644nam a22002297a 4500 | ||
|---|---|---|---|
| 003 | URS | ||
| 005 | 20250828100457.0 | ||
| 008 | 250320b ||||| |||| 00| 0 eng d | ||
| 040 | _cURS | ||
| 050 |
_aLB2806 _b.Ow2 1995 |
||
| 100 |
_911458 _aOwens, Robert G. |
||
| 245 | _aOrganizational Behavior in Education | ||
| 250 | _a5th Edition | ||
| 264 |
_aBoston _bAllyn and Bacon _c©1995 |
||
| 300 |
_a334 pages.,: _c23 cm. |
||
| 336 |
_2rdacontent _atext |
||
| 337 |
_2rdamedia _aunmediated |
||
| 338 |
_2rdacarrier _avolume |
||
| 650 | 0 |
_91723 _aOrganizational behavior |
|
| 650 | 0 |
_91383 _aSchool management and organization |
|
| 942 |
_2lcc _cR |
||
| 999 |
_c84776 _d84774 |
||